<?xml version="1.0" encoding="UTF-8"?>
<record
    xmlns:xsi="http://www.w3.org/2001/XMLSchema-instance"
    xsi:schemaLocation="http://www.loc.gov/MARC21/slim http://www.loc.gov/standards/marcxml/schema/MARC21slim.xsd"
    xmlns="http://www.loc.gov/MARC21/slim">

  <leader>01134nam a22002177a 4500</leader>
  <controlfield tag="005">20231127163208.0</controlfield>
  <controlfield tag="008">231127b           ||||| |||| 00| 0 eng d</controlfield>
  <datafield tag="040" ind1=" " ind2=" ">
    <subfield code="c">AL</subfield>
  </datafield>
  <datafield tag="041" ind1=" " ind2=" ">
    <subfield code="a">Kannada</subfield>
  </datafield>
  <datafield tag="082" ind1=" " ind2=" ">
    <subfield code="2">23</subfield>
    <subfield code="a">305.4K</subfield>
    <subfield code="b">GOWK</subfield>
  </datafield>
  <datafield tag="100" ind1=" " ind2=" ">
    <subfield code="a">K Chinnappa Gowda  &#xC95;&#xCC6; &#xC9A;&#xCBF;&#xCA8;&#xCCD;&#xCA8;&#xCAA;&#xCCD;&#xCAA; &#xC97;&#xCCC;&#xCA1;  </subfield>
    <subfield code="9">143593</subfield>
  </datafield>
  <datafield tag="245" ind1=" " ind2=" ">
    <subfield code="a">Kannada Patrikegalu Mattu Mahile   &#xC95;&#xCA8;&#xCCD;&#xCA8;&#xCA1; &#xCAA;&#xCA4;&#xCCD;&#xCB0;&#xCBF;&#xC95;&#xCC6;&#xC97;&#xCB3;&#xCC1;  &#xCAE;&#xCA4;&#xCCD;&#xCA4;&#xCC1;  &#xCAE;&#xCB9;&#xCBF;&#xCB3;&#xCC6; </subfield>
    <subfield code="b"> </subfield>
  </datafield>
  <datafield tag="260" ind1=" " ind2=" ">
    <subfield code="a">Mangalagangotri</subfield>
    <subfield code="b">Prasaranga Mangalore University</subfield>
    <subfield code="c">2006</subfield>
  </datafield>
  <datafield tag="300" ind1=" " ind2=" ">
    <subfield code="a">172 p.</subfield>
    <subfield code="b">PB</subfield>
    <subfield code="c">22x14 cm.</subfield>
  </datafield>
  <datafield tag="365" ind1=" " ind2=" ">
    <subfield code="a">063-065</subfield>
    <subfield code="b">&#x20B9;45.00</subfield>
    <subfield code="c">&#x20B9;</subfield>
    <subfield code="d">&#x20B9;90.00</subfield>
    <subfield code="e">50%</subfield>
    <subfield code="f">23-11-2023</subfield>
  </datafield>
  <datafield tag="650" ind1=" " ind2=" ">
    <subfield code="a">Women--Social conditions</subfield>
    <subfield code="9">143471</subfield>
  </datafield>
  <datafield tag="650" ind1=" " ind2=" ">
    <subfield code="a">1907rinda 1947ra  avadhiya patrikega&#x1E37;inda ayda mahi&#x1E37;a sambandhi barahaga&#x1E37;u   &#xCE7;&#xCEF;&#xCE6;&#xCED;&#xCB0;&#xCBF;&#xC82;&#xCA6;  &#xCE7;&#xCEF;&#xCEA;&#xCED;&#xCB0;  &#xC85;&#xCB5;&#xCA7;&#xCBF;&#xCAF;  &#xCAA;&#xCA4;&#xCCD;&#xCB0;&#xCBF;&#xC95;&#xCC6;&#xC97;&#xCB3;&#xCBF;&#xC82;&#xCA6;  &#xC86;&#xCAF;&#xCCD;&#xCA6;  &#xCAE;&#xCB9;&#xCBF;&#xCB3;&#xCBE;  &#xCB8;&#xC82;&#xCAC;&#xC82;&#xCA7;&#xCBF;  &#xCAC;&#xCB0;&#xCB9;&#xC97;&#xCB3;&#xCC1;</subfield>
    <subfield code="9">143594</subfield>
  </datafield>
  <datafield tag="700" ind1=" " ind2=" ">
    <subfield code="a">GOWDA (K CHINNAPPA)  &#xC97;&#xCCC;&#xCA1;(&#xC95;&#xCC6; &#xC9A;&#xCBF;&#xCA8;&#xCCD;&#xCA8;&#xCAA;&#xCCD;&#xCAA;)</subfield>
    <subfield code="9">143479</subfield>
  </datafield>
  <datafield tag="700" ind1=" " ind2=" ">
    <subfield code="a">LOLAKSHI (N K )  &#xCB2;&#xCCB;&#xCB2;&#xCBE;&#xC95;&#xCCD;&#xCB7;&#xCBF; (&#xC8E;&#xCA8;&#xCCD; &#xC95;&#xCC6;)</subfield>
    <subfield code="9">143480</subfield>
  </datafield>
  <datafield tag="942" ind1=" " ind2=" ">
    <subfield code="2">ddc</subfield>
    <subfield code="c">BK</subfield>
  </datafield>
  <datafield tag="999" ind1=" " ind2=" ">
    <subfield code="c">229314</subfield>
    <subfield code="d">229314</subfield>
  </datafield>
  <datafield tag="952" ind1=" " ind2=" ">
    <subfield code="0">0</subfield>
    <subfield code="1">0</subfield>
    <subfield code="2">ddc</subfield>
    <subfield code="4">0</subfield>
    <subfield code="7">0</subfield>
    <subfield code="8">KAN</subfield>
    <subfield code="a">AL</subfield>
    <subfield code="b">AL</subfield>
    <subfield code="d">2023-11-24</subfield>
    <subfield code="e">Prasaranga Mangalore University</subfield>
    <subfield code="g">45.00</subfield>
    <subfield code="l">0</subfield>
    <subfield code="o">305.4K GOWK</subfield>
    <subfield code="p">076917</subfield>
    <subfield code="r">2023-11-27 00:00:00</subfield>
    <subfield code="v">90.00</subfield>
    <subfield code="w">2023-11-27</subfield>
    <subfield code="y">BK</subfield>
  </datafield>
</record>
